Cultural differences between english preposition of places “At, on, in” and their Vietnamese equivalents in literature /

Na minha lista:
Detalhes bibliográficos
Autor principal: Nguyễn Thị Kim Thanh
Formato: online
Idioma:English
Publicado em: 2007.
Assuntos:
Tags: Adicionar Tag
Sem tags, seja o primeiro a adicionar uma tag!
Thư viện lưu trữ: Mạng thư viện Đại học Đà Nẵng
LEADER 01268na a2200325 4500
001 000031201
003 5774
005 20230223102800.0
008 151001s2007 000 eng
040 |a LNN 
041 |a eng 
082 |a 420.3  |b NG-T 
100 |a Nguyễn Thị Kim Thanh 
245 0 |a Cultural differences between english preposition of places “At, on, in” and their Vietnamese equivalents in literature /  |c Nguyễn Thị Kim Thanh. 
260 |c 2007. 
300 |a 51tr. : mh ; 30cm. 
650 |a Cultural differences between english preposition of places “At, on, in” and their Vietnamese equivalents in literature, 2007, Nguyễn Thị Kim Thanh 
852 |c Luận văn sinh viên 
OWN |a LNN 
AVA |a UDN50  |b LNN  |c English  |d 420.3 NG-T  |e available  |t Error 5001 Not defined in file expand_doc_bib_avail.  |f 2  |g 0  |h N  |i 0  |j AN  |k 1 
999 |a From the UDN01 
AVA |a UDN50  |b LNN  |c English  |d 420.3 NG-T  |e available  |t Error 5001 Not defined in file expand_doc_bib_avail.  |f 2  |g 0  |h N  |i 0  |j AN  |k 1 
TYP |a Printed language 
980 |a Mạng thư viện Đại học Đà Nẵng